| 000 | 00568nam a22001457a 4500 | ||
|---|---|---|---|
| 020 | _a978-0-4169-6169-7 | ||
| 082 |
_a823 _bDIX/F |
||
| 100 | _aDIXON, FRANKLIN W | ||
| 245 |
_aHARDY BOYS _bHAUNTED |
||
| 260 |
_aNEW YORK _bSIMON & SCHUSTER _c2008 |
||
| 300 | _a183 | ||
| 520 | _aThe main story centers on a group of seventeen individuals (all of whom go by nicknames based on the story they tell) who have decided to participate in a secret writers' retreat, frequently compared by characters to the Villa Diodati retreat of 1816. | ||
| 650 | _aSHORT STORY | ||
| 942 | _cBK | ||
| 999 |
_c6915 _d6915 |
||